01833 2200445 4500001002100000005001500021035002000036008004100056020001500097041000800112082001000120084001600130100002700146245010300173260004400276300003500320504001500355520051000370650002700880990002400907990002400931990002400955990002400979990002401003990002401027990002401051990002401075990002401099990002401123990002401147990002401171990002401195990002401219990002401243990002401267990002401291990002401315990002401339990002401363INLIS00000000000840320221026020408 a0010-0520008403221026 | | ind  a9793654294 aind a336.2 a336.2 MAR u0 aMarihot Pahala Siahaan1 aUtang Pajak, Pemenuhan Kewajiban, dan Penagihan Pajak Dengan Surat Paksa /cMarihot Pahala Siahaan aJakarta :bRaja Grafindo Persada,c2004 axix, 648 p. ; 21 cm. ;c21 cm. ap. 641-645 aBuku ini memberi pembahasan yang komprehensif tentang pajak, yang meliputi utang pajak, subjek pajak, pembayaran pajak, penagihan pajak, dan pelaksanaannya. Dengan pembahasan yang komprehensif ini diharapkan dapat meningkatkan pemahaman masyarakat tentang pajak dan pentingnya manfaat pajak tidak hanya bagi negara tapi juga masyarakat itu sendiri. Selain itu, buku ini bisa digunakan tidak hanya bagi praktisi ekonomi dan hukum, tetapi juga bagi mahasiswa Fakultas Ekonomi, Hukum dan Administrasi Fiskal. 4aTaxation -- Indonesia. a16991/MKRI-P/X-2010 a16992/MKRI-P/X-2010 a16993/MKRI-P/X-2010 a16994/MKRI-P/X-2010 a16994/MKRI-P/X-2010 a16991/MKRI-P/X-2010 a16992/MKRI-P/X-2010 a16993/MKRI-P/X-2010 a16993/MKRI-P/X-2010 a16991/MKRI-P/X-2010 a16992/MKRI-P/X-2010 a16994/MKRI-P/X-2010 a16992/MKRI-P/X-2010 a16991/MKRI-P/X-2010 a16993/MKRI-P/X-2010 a16994/MKRI-P/X-2010 a16991/MKRI-P/X-2010 a16992/MKRI-P/X-2010 a16993/MKRI-P/X-2010 a16994/MKRI-P/X-2010